[Event "Hospitalet de Llobregat Ponce 11th"]
[Site "Hospitalet de Llobregat"]
[Date "2022.06.04"]
[Round "7"]
[White "Ayala Abenza, Jose Luis"]
[Black "Fernandez Benito, Francisco Javier"]
[Result "1-0"]
[WhiteElo "1990"]
[BlackElo "1673"]
[PlyCount "105"]
[EventDate "2022.04.23"]
[EventType "swiss"]
[EventRounds "9"]
[EventCountry "ESP"]
[SourceTitle "EXT 2023"]
[Source "ChessBase"]
[SourceDate "2022.10.05"]
[SourceVersion "1"]
[SourceVersionDate "2022.10.05"]
[SourceQuality "1"]

1. e4 d5 2. exd5 Nf6 3. Bb5+ Bd7 4. Bc4 Bg4 5. f3 Bf5 6. Nc3 c6 7. dxc6 Nxc6 8. d3 e6 9. Nge2 Bc5 10. Ng3 Qd4 11. Qe2 Qh4 12. Be3 Bxe3 13. Qxe3 0-0 14. Qf2 Rfe8 15. 0-0 Bg6 16. Nge4 Qf4 17. Nxf6+ Qxf6 18. Ne4 Qe7 19. Qc5 Rac8 20. Qxe7 Rxe7 21. Bb3 Nd4 22. Rf2 Rec7 23. c3 Nf5 24. Re2 a6 25. d4 Rd8 26. Kf2 Kf8 27. g4 Ne7 28. Nc5 Nd5 29. Kg3 Rd6 30. Rae1 Re7 31. f4 h6 32. Bxd5 Rxd5 33. f5 Bh7 34. fxe6 f6 35. a4 Ke8 36. a5 Rd6 37. b4 b6 38. axb6 Rxb6 39. d5 Rd6 40. Rd2 Rc7 41. Ra1 Ra7 42. Nd7 Rc7 43. Nc5 Ra7 44. Rd4 Ke7 45. Kf4 g5+ 46. Ke3 Rb6 47. Rad1 Kd6 48. Nd7 Rbb7 49. Nxf6 Bg6 50. Ne4+ Ke5 51. Nc5 Rc7 52. d6 Rc8 53. d7 1-0

[Event "Barcelona Martorell-ch 37th"]
[Site "Barcelona"]
[Date "2019.09.14"]
[Round "1"]
[White "Munoz Pantoja, Miguel Angel"]
[Black "Ayala Abenza, Jose Luis"]
[Result "1-0"]
[WhiteElo "2519"]
[BlackElo "2001"]
[PlyCount "53"]
[EventDate "2019.09.14"]
[EventType "swiss"]
[EventRounds "9"]
[EventCountry "ESP"]
[SourceTitle "CBM 193 Extra"]
[Source "ChessBase"]
[SourceDate "2020.01.31"]
[SourceVersion "1"]
[SourceVersionDate "2020.01.31"]
[SourceQuality "1"]

1. e4 e6 2. d4 d5 3. Nd2 Nf6 4. e5 Nfd7 5. Bd3 c5 6. c3 Nc6 7. Ne2 cxd4 8. cxd4 f6 9. exf6 Nxf6 10. 0-0 Bd6 11. f4 0-0 12. Nf3 Qb6 13. Kh1 Bd7 14. Nc3 Be8 15. Qe2 Bf7 16. a3 Rae8 17. Be3 Bh5 18. h3 Bxf3 19. Rxf3 a6 20. Raf1 Qc7 21. g4 g6 22. Qg2 Qg7 23. Qd2 Rf7 24. f5 exf5 25. Bh6 Qh8 26. Bxf5 Ne4 27. Bxe4 1-0

[Event "Martorell op 36th"]
[Site "Martorell"]
[Date "2018.09.22"]
[Round "2"]
[White "Ayala Abenza, Jose Luis"]
[Black "Jimenez Ruano, Adrian"]
[Result "0-1"]
[WhiteElo "2019"]
[BlackElo "2244"]
[PlyCount "174"]
[EventDate "2018.09.15"]
[EventType "swiss"]
[EventRounds "9"]
[EventCountry "ESP"]
[SourceTitle "CBM 189 Extra"]
[Source "ChessBase"]
[SourceDate "2019.06.03"]
[SourceVersion "1"]
[SourceVersionDate "2019.06.03"]
[SourceQuality "1"]

1. e4 c5 2. Nf3 d6 3. d4 cxd4 4. Nxd4 Nf6 5. Nc3 a6 6. Be3 e5 7. Nb3 Be6 8. Qd2 Be7 9. f3 0-0 10. 0-0-0 a5 11. Kb1 a4 12. Nc1 a3 13. b3 Ra5 14. Nd3 Nbd7 15. Nb4 Qb8 16. g4 Ra8 17. h4 Bd8 18. Nbd5 Ba5 19. Qd3 Kh8 20. Ne7 Re8 21. Nf5 Bxc3 22. Qxc3 d5 23. exd5 Nxd5 24. Qe1 Qc7 25. Bc4 Nxe3 26. Nxe3 e4 27. fxe4 Qe5 28. c3 Nc5 29. Rd4 Nxe4 30. Bd3 Nxc3+ 31. Qxc3 Qxe3 32. Re4 Qb6 33. Rhe1 Rec8 34. Qd2 Rd8 35. Qe2 Rf8 36. h5 Rad8 37. Bc2 Bd5 38. Rf4 Bc6 39. h6 Rfe8 40. hxg7+ Kxg7 41. Qf1 Rxe1+ 42. Qxe1 Qc5 43. Rc4 Re8 44. Qc1 Qe7 45. Rd4 h6 46. Bf5 Qf6 47. Rd2 Be4+ 48. Bxe4 Rxe4 49. Qxa3 Re1+ 50. Kc2 Qc6+ 51. Kd3 Qd5+ 52. Kc2 Qe4+ 53. Kb2 Rb1+ 54. Kc3 Qe3+ 55. Kc2 Qe4+ 56. Rd3 Rg1 57. Qb2+ f6 58. Qd4 Qc6+ 59. Rc3 Qg2+ 60. Qd2 Qe4+ 61. Qd3 Rg2+ 62. Kb1 Rg1+ 63. Kb2 Rg2+ 64. Kb1 Qxd3+ 65. Rxd3 Rxg4 66. Rd7+ Kg6 67. Rxb7 h5 68. Rb8 h4 69. Rh8 f5 70. a4 Kg5 71. a5 Rb4 72. Kc2 Rb5 73. Rg8+ Kf4 74. a6 Ra5 75. Rg6 h3 76. Rh6 h2 77. a7 Rxa7 78. Kb2 Kg3 79. Rg6+ Kf2 80. Rh6 Kg2 81. Rg6+ Kh1 82. b4 f4 83. Kc3 Rd7 84. b5 f3 85. Rf6 Kg2 86. Rg6+ Kf2 87. Rh6 Kg3 0-1

[Event "Barcelona Ponce Memorial 3rd"]
[Site "Barcelona"]
[Date "2018.05.26"]
[Round "8"]
[White "Garcia Ruiz, Adrian"]
[Black "Ayala Abenza, Jose Luis"]
[Result "0-1"]
[WhiteElo "1964"]
[BlackElo "2033"]
[PlyCount "51"]
[EventDate "2018.04.07"]
[EventType "swiss"]
[EventRounds "9"]
[EventCountry "ESP"]
[SourceTitle "CBM 184 Extra"]
[Source "ChessBase"]
[SourceDate "2018.06.28"]
[SourceVersion "1"]
[SourceVersionDate "2018.06.28"]
[SourceQuality "1"]

1. e4 e6 2. d4 d5 3. Nd2 Nf6 4. e5 Nfd7 5. Bd3 c5 6. c3 Nc6 7. Ne2 cxd4 8. cxd4 f6 9. exf6 Qxf6 10. Nf3 h6 11. 0-0 Bd6 12. Ng3 g5 13. Re1 0-0 14. Be3 Nb6 15. Rc1 Bd7 16. Bb5 Rae8 17. Ne5 Nxe5 18. dxe5 Bxe5 19. Bxb6 Bxb5 20. Bc5 Rf7 21. Nh5 Qh8 22. Qc2 Bg7 23. Qg6 e5 24. Re3 Qh7 25. Nf6+ Rxf6 26. Qxe8+ 0-1

[Event "Barcelona Ponce Memorial 3rd"]
[Site "Barcelona"]
[Date "2018.04.14"]
[Round "2"]
[White "Gisbert Mir, Alejandro"]
[Black "Ayala Abenza, Jose Luis"]
[Result "1-0"]
[WhiteElo "1765"]
[BlackElo "2033"]
[PlyCount "111"]
[EventDate "2018.04.07"]
[EventType "swiss"]
[EventRounds "9"]
[EventCountry "ESP"]
[SourceTitle "CBM 184 Extra"]
[Source "ChessBase"]
[SourceDate "2018.06.28"]
[SourceVersion "1"]
[SourceVersionDate "2018.06.28"]
[SourceQuality "1"]

1. d4 e6 2. c4 f5 3. Nf3 Nf6 4. g3 d5 5. Bg2 c6 6. 0-0 Bd6 7. b3 0-0 8. Ba3 Bxa3 9. Nxa3 Nbd7 10. Nc2 Ne4 11. Nce1 Qe7 12. Nd3 a5 13. Nfe5 Nxe5 14. Nxe5 Bd7 15. Qd3 Rfd8 16. c5 Rf8 17. f3 Nf6 18. e4 Bc8 19. exf5 b6 20. Rfc1 bxc5 21. Rxc5 exf5 22. Rac1 a4 23. Rxc6 axb3 24. axb3 f4 25. Rc7 Qd6 26. Qc3 Ba6 27. Qc6 Qxc6 28. Nxc6 Rfe8 29. Ne5 Rab8 30. R1c3 Re6 31. Bh3 Reb6 32. Nd7 Nxd7 33. Bxd7 fxg3 34. hxg3 Kf8 35. Ba4 Rb4 36. Re3 Rxd4 37. Ree7 Rd1+ 38. Kh2 Rd2+ 39. Kh3 Bf1+ 40. Kg4 Rd4+ 41. f4 Bd3 42. Rf7+ Kg8 43. Rxg7+ Kh8 44. Rb7 Rf8 45. Rge7 Bf5+ 46. Kh4 Bg6 47. Bc6 Rd2 48. Bd7 Rh2+ 49. Bh3 Rd8 50. g4 d4 51. f5 d3 52. fxg6 d2 53. Rxh7+ Kg8 54. Rbg7+ Kf8 55. Rh8+ Kxg7 56. Rxd8 1-0

[Event "Hospitalet de Llobregat Ponce 3rd"]
[Site "Hospitalet de Llobregat"]
[Date "2017.05.06"]
[Round "5"]
[White "Ayala Abenza, Jose Luis"]
[Black "Flores Linan, Josep Luis"]
[Result "1-0"]
[WhiteElo "1997"]
[BlackElo "1823"]
[PlyCount "66"]
[EventDate "2017.04.01"]
[EventType "swiss"]
[EventRounds "9"]
[EventCountry "ESP"]
[SourceTitle "EXT 2018"]
[Source "ChessBase"]
[SourceDate "2017.10.13"]
[SourceVersion "1"]
[SourceVersionDate "2017.10.13"]
[SourceQuality "1"]

1. e4 c5 2. Nf3 d6 3. d4 cxd4 4. Nxd4 Nf6 5. Nc3 g6 6. Be3 Bg7 7. f3 a6 8. Qd2 Nbd7 9. g4 h6 10. 0-0-0 b5 11. Kb1 Bb7 12. Nb3 Qc7 13. Bd4 Bc6 14. Bd3 Ne5 15. Qe3 Rb8 16. h3 0-0 17. f4 Nxd3 18. Qxd3 Rfc8 19. Rh2 b4 20. Nd5 Nxd5 21. exd5 Bb5 22. Qe3 a5 23. Bxg7 Kxg7 24. f5 a4 25. Nd4 Bd7 26. fxg6 e5 27. dxe6 fxe6 28. Rf2 Rf8 29. Rxf8 Rxf8 30. Qxe6 b3 31. Qe7+ Kxg6 32. Qxf8 bxc2+ 33. Nxc2 Be6 1-0

[Event "Martorell op 34th"]
[Site "Martorell"]
[Date "2016.11.12"]
[Round "8"]
[White "Gual Pascual, Antonio"]
[Black "Ayala Abenza, Jose Luis"]
[Result "1-0"]
[WhiteElo "2397"]
[BlackElo "2071"]
[PlyCount "61"]
[EventDate "2016.09.17"]
[EventType "swiss"]
[EventRounds "9"]
[EventCountry "ESP"]
[SourceTitle "EXT 2018"]
[Source "ChessBase"]
[SourceDate "2017.10.13"]
[SourceVersion "1"]
[SourceVersionDate "2017.10.13"]
[SourceQuality "1"]

1. Nf3 d5 2. c4 c6 3. g3 Nf6 4. Bg2 e6 5. 0-0 Bd6 6. d4 0-0 7. Qc2 b6 8. Nbd2 Nbd7 9. e4 Nxe4 10. Nxe4 dxe4 11. Ng5 Bb7 12. Nxe4 Be7 13. Rd1 Nf6 14. Rb1 Qd7 15. b4 Rfd8 16. Bf4 h6 17. c5 b5 18. a4 a6 19. h4 Nd5 20. Bd6 f5 21. Bxe7 Qxe7 22. Nd6 Rf8 23. Bxd5 exd5 24. Re1 Qd7 25. f4 Rf6 26. Re5 Raf8 27. Rbe1 Bc8 28. Re7 Qd8 29. Re8 Qd7 30. axb5 axb5 31. Qa2 1-0

[Event "Martorell op 34th"]
[Site "Martorell"]
[Date "2016.10.08"]
[Round "4"]
[White "Ayala Abenza, Jose Luis"]
[Black "Gomez Jurado, Luis Alberto"]
[Result "0-1"]
[WhiteElo "2071"]
[BlackElo "2243"]
[PlyCount "40"]
[EventDate "2016.09.17"]
[EventType "swiss"]
[EventRounds "9"]
[EventCountry "ESP"]
[SourceTitle "EXT 2018"]
[Source "ChessBase"]
[SourceDate "2017.10.13"]
[SourceVersion "1"]
[SourceVersionDate "2017.10.13"]
[SourceQuality "1"]

1. e4 c6 2. d4 d5 3. f3 e5 4. dxe5 Bc5 5. Nc3 Ne7 6. Bg5 0-0 7. Qd2 Nd7 8. 0-0-0 Nxe5 9. exd5 Qa5 10. d6 Nf5 11. Kb1 Be6 12. g4 Nxd6 13. Bd3 Ndc4 14. Qe2 Qb4 15. Bc1 Rfe8 16. Ne4 Nxd3 17. Rxd3 Na3+ 18. Ka1 Bd4 19. Qd2 Qa4 20. Nc3 Bxc3 0-1

[Event "Martorell op 34th"]
[Site "Martorell"]
[Date "2016.10.01"]
[Round "3"]
[White "Garcia Jimenez, Francisco Javier"]
[Black "Ayala Abenza, Jose Luis"]
[Result "1-0"]
[WhiteElo "2268"]
[BlackElo "2071"]
[PlyCount "73"]
[EventDate "2016.09.17"]
[EventType "swiss"]
[EventRounds "9"]
[EventCountry "ESP"]
[SourceTitle "EXT 2018"]
[Source "ChessBase"]
[SourceDate "2017.10.13"]
[SourceVersion "1"]
[SourceVersionDate "2017.10.13"]
[SourceQuality "1"]

1. e4 e6 2. d4 d5 3. Nd2 Nf6 4. e5 Nfd7 5. Bd3 c5 6. c3 Nc6 7. Ne2 cxd4 8. cxd4 f6 9. exf6 Nxf6 10. 0-0 Bd6 11. Nf3 Qc7 12. Bg5 Ng4 13. h3 Nh6 14. Qb1 Nf5 15. Bd2 g6 16. b4 Qg7 17. Qb2 0-0 18. b5 Nd8 19. Bb4 a6 20. a4 axb5 21. axb5 Rxa1 22. Rxa1 Qe7 23. Bxd6 Qxd6 24. Ne5 Nf7 25. Bxf5 exf5 26. Nf4 Ng5 27. h4 Ne6 28. Nxe6 Bxe6 29. Qa3 Qd8 30. h5 gxh5 31. Qc5 f4 32. Ra7 f3 33. Nxf3 Rxf3 34. gxf3 Bh3 35. Kh2 Bf1 36. Rxb7 Qh4+ 37. Kg1 1-0

[Event "Llobregat Garcia Memorial 7th"]
[Site "Llobregat"]
[Date "2016.04.30"]
[Round "4"]
[White "Ayala Abenza, Jose Luis"]
[Black "Capellades Subirana, Marc"]
[Result "1/2-1/2"]
[WhiteElo "2048"]
[BlackElo "2117"]
[PlyCount "28"]
[EventDate "2016.04.09"]
[EventType "swiss"]
[EventRounds "9"]
[EventCountry "ESP"]
[SourceTitle "EXT 2017"]
[Source "ChessBase"]
[SourceDate "2016.10.25"]
[SourceVersion "1"]
[SourceVersionDate "2016.10.25"]
[SourceQuality "1"]

1. d4 Nf6 2. Nf3 c5 3. d5 d6 4. Nc3 g6 5. Bg5 Bg7 6. e4 a6 7. a4 h6 8. Bf4 Qa5 9. Bd2 Qc7 10. Be2 0-0 11. 0-0 e6 12. dxe6 Bxe6 13. Bf4 Rd8 14. Qd2 Kh7 1/2-1/2

[Event "Llobregat Garcia Memorial 7th"]
[Site "Llobregat"]
[Date "2016.04.16"]
[Round "2"]
[White "Ayala Abenza, Jose Luis"]
[Black "Varela Cuadrado, Cesar M"]
[Result "1-0"]
[WhiteElo "2048"]
[BlackElo "1792"]
[PlyCount "47"]
[EventDate "2016.04.09"]
[EventType "swiss"]
[EventRounds "9"]
[EventCountry "ESP"]
[SourceTitle "EXT 2017"]
[Source "ChessBase"]
[SourceDate "2016.10.25"]
[SourceVersion "1"]
[SourceVersionDate "2016.10.25"]
[SourceQuality "1"]

1. d4 Nf6 2. Nf3 g6 3. Bf4 Bg7 4. e3 d6 5. Be2 Nbd7 6. h3 0-0 7. 0-0 h6 8. c4 c5 9. Nc3 Nh7 10. Qd2 g5 11. Bg3 f5 12. Rad1 b6 13. dxc5 bxc5 14. Qd5+ Kh8 15. Qxa8 Nb6 16. Qxa7 h5 17. Be5 g4 18. Rxd6 Nd7 19. Bxg7+ Kxg7 20. Rxd7 Bxd7 21. Ne5 Nf6 22. Rd1 gxh3 23. Nxd7 Qe8 24. Nxf8 1-0

[Event "Martorell op 23rd"]
[Site "Martorell"]
[Date "2015.11.07"]
[Round "7"]
[White "Ayala Abenza, Jose Luis"]
[Black "Canales Garcia, Vicenc"]
[Result "1/2-1/2"]
[WhiteElo "2212"]
[BlackElo "2138"]
[PlyCount "95"]
[EventDate "2015.09.19"]
[EventType "swiss"]
[EventRounds "8"]
[EventCountry "ESP"]
[SourceTitle "EXT 2017"]
[Source "ChessBase"]
[SourceDate "2016.10.25"]
[SourceVersion "1"]
[SourceVersionDate "2016.10.25"]
[SourceQuality "1"]

1. d4 Nf6 2. Nf3 e6 3. e3 c5 4. Bd3 Nc6 5. 0-0 d5 6. b3 Bd6 7. Bb2 0-0 8. Nbd2 cxd4 9. exd4 Qe7 10. Ne5 Bd7 11. a3 Rac8 12. f4 h5 13. Qe2 a6 14. c4 Rfe8 15. c5 Bb8 16. b4 Red8 17. Rae1 Qe8 18. f5 exf5 19. Nxd7 Qxd7 20. Bxf5 Qc7 21. Nf3 Re8 22. Qd2 Rcd8 23. Bc1 Ne4 24. Qd3 g5 25. Ne5 Nxe5 26. dxe5 Qxe5 27. g3 f6 28. Qf3 g4 29. Qe3 Ng5 30. Qxe5 Rxe5 31. Rxe5 Bxe5 32. Bxg5 fxg5 33. Be6+ Kg7 34. Rf5 Bf6 35. Rxd5 Rxd5 36. Bxd5 b6 37. c6 Be5 38. a4 Kf6 39. Bc4 a5 40. b5 h4 41. Kg2 hxg3 42. hxg3 Ke7 43. Be2 Kd6 44. Bxg4 Kc7 45. Bf3 Bg7 46. Kh3 Bc3 47. Kg4 Bd2 48. Kf5 1/2-1/2

[Event "Barcelona Sants op 17th"]
[Site "Barcelona"]
[Date "2015.08.21"]
[Round "1"]
[White "Ayala Abenza, Jose Luis"]
[Black "Arenas Vanegas, David"]
[Result "0-1"]
[WhiteElo "2061"]
[BlackElo "2439"]
[PlyCount "76"]
[EventDate "2015.08.21"]
[EventType "swiss"]
[EventRounds "10"]
[EventCountry "ESP"]
[SourceTitle "EXT 2016"]
[Source "ChessBase"]
[SourceDate "2015.10.08"]
[SourceVersion "1"]
[SourceVersionDate "2015.10.08"]
[SourceQuality "1"]

1. d4 Nf6 2. Nf3 g6 3. Bf4 Bg7 4. e3 0-0 5. Be2 d6 6. 0-0 b6 7. c4 c5 8. Nc3 Nc6 9. h3 Bf5 10. Rc1 Rc8 11. d5 Na5 12. Bd3 Bxd3 13. Qxd3 a6 14. Nd2 Qd7 15. e4 Rb8 16. Rfe1 b5 17. b3 bxc4 18. Nxc4 Nxc4 19. Qxc4 Qa7 20. Be3 Nd7 21. Na4 Qa8 22. Bd2 Qb7 23. Qc2 Rbe8 24. Nb2 f5 25. Nc4 fxe4 26. Qxe4 Ne5 27. Nxe5 Bxe5 28. Bh6 Rf5 29. g4 Rf7 30. Rcd1 Rb8 31. Rc1 Bd4 32. Be3 e5 33. Re2 Bxe3 34. fxe3 Rbf8 35. Qg2 Rf3 36. e4 Qf7 37. Rd1 Qf4 38. Kh1 Rg3 0-1

[Event "L'Hospitalet de Llobregat op 6th"]
[Site "L'Hospitalet de Llobregat"]
[Date "2015.05.23"]
[Round "6.2"]
[White "Muntane Rodrigo, Josep Maria"]
[Black "Ayala Abenza, Jose Luis"]
[Result "0-1"]
[WhiteElo "2126"]
[BlackElo "2186"]
[PlyCount "80"]
[EventDate "2015.04.11"]
[EventType "swiss"]
[EventRounds "8"]
[EventCountry "ESP"]
[SourceTitle "EXT 2024"]
[Source "ChessBase"]
[SourceDate "2023.10.10"]
[SourceVersion "1"]
[SourceVersionDate "2023.10.10"]
[SourceQuality "1"]

1. d4 d5 2. c4 c6 3. Nc3 Nf6 4. Nf3 a6 5. c5 Nbd7 6. Bf4 g6 7. h3 Bg7 8. e3 0-0 9. Bh2 Ne8 10. b4 Nc7 11. Be2 Re8 12. 0-0 e5 13. dxe5 Nxe5 14. Nxe5 Bxe5 15. Bxe5 Rxe5 16. a4 Qe7 17. Bf3 Bf5 18. Bg4 a5 19. Bxf5 axb4 20. Bxg6 hxg6 21. Ne2 Qxc5 22. Nf4 Qe7 23. Nd3 Re4 24. Rc1 Na6 25. Qb3 Rd8 26. Nf4 Nc5 27. Qa2 Ra8 28. a5 b6 29. Qb1 Rxa5 30. f3 Re5 31. Qxb4 Rb5 32. Qa3 Qe8 33. Rfe1 Rb3 34. Qa7 Rexe3 35. Kf1 Qe5 36. Ne2 Nd3 37. Qa8+ Kg7 38. f4 Qe4 39. Qa1+ Rb2 40. Rb1 Rexe2 0-1

[Event "Barcelona Catalunya op 26th"]
[Site "Barcelona"]
[Date "2014.10.04"]
[Round "2"]
[White "Ayala Abenza, Jose Luis"]
[Black "Maspoch Vila, Marc"]
[Result "1-0"]
[WhiteElo "2177"]
[BlackElo "1991"]
[PlyCount "55"]
[EventDate "2014.09.27"]
[EventType "swiss"]
[EventRounds "9"]
[EventCountry "ESP"]
[SourceTitle "EXT 2017"]
[Source "ChessBase"]
[SourceDate "2016.10.25"]
[SourceVersion "1"]
[SourceVersionDate "2016.10.25"]
[SourceQuality "1"]

1. d4 f5 2. Nc3 Nf6 3. Bg5 g6 4. h4 h6 5. Bxf6 exf6 6. Nh3 g5 7. e3 Bg7 8. Bc4 g4 9. Nf4 c6 10. d5 d6 11. dxc6 bxc6 12. Ne6 Bxe6 13. Bxe6 d5 14. Bxf5 h5 15. Qd3 Nd7 16. Bg6+ Kf8 17. Qf5 Qe7 18. Bxh5 d4 19. Ne2 dxe3 20. fxe3 Ne5 21. Nf4 Rxh5 22. Nxh5 Qb4+ 23. c3 Qxb2 24. 0-0 Qxc3 25. Nxg7 Qxe3+ 26. Kh1 Kxg7 27. Qxf6+ Kg8 28. Rae1 1-0